| 000 | 00571nam a2200181 4500 | ||
|---|---|---|---|
| 001 | 108187 | ||
| 003 | ES-MaACL | ||
| 005 | 20230906184610.0 | ||
| 007 | t| | ||
| 008 | 061121s1970 sp r ||||1| spa d | ||
| 100 | 1 |
_aMolnar, Thomas. _982065 |
|
| 245 | 1 | 3 |
_aLa izquierda en la encrucijada / _cThomas Molnar, Jean-Marie Domenech, Juan Marcos de la Fuente. |
| 260 |
_aMadrid : _bUnión Editorial, _c1970. |
||
| 300 |
_a81 p. ; _c21 cm. |
||
| 700 | 1 |
_aDomenech, Jean-Marie. _945077 |
|
| 700 | 1 |
_aFuente, Juan Marcos de la. _952844 |
|
| 852 |
_aES-MaACL _jC-45774 _bR.74239 |
||
| 999 |
_c108187 _d108187 |
||